| 000 | 00442nam a2200145 a 4500 | ||
|---|---|---|---|
| 001 | 4537 | ||
| 003 | CDMR | ||
| 005 | 20131118132514.0 | ||
| 008 | 130130s1977||||||||||||||||||||||||||||d | ||
| 040 |
_aCDMR _bcat _cCPC GIRONA |
||
| 110 | 2 |
_9949 _aFederación de Asociaciones de la Prensa de España |
|
| 245 | 0 |
_aEstatutos _b: Federación Asociaciones Prensa de España |
|
| 260 |
_c1977 _bFederación Asociaciones Prensa de España |
||
| 942 |
_cMON _2udc |
||
| 999 |
_c4537 _d4537 |
||